000 00678nam a2200241 i 4500
001 C2-0095699
003 PPAK
005 20180727093244.0
008 970515s1990 njua|||| ||||| | eng d
020 _a0671706888
040 _aPPAK
_beng
_cPPAK
_erda
082 0 4 _a567.91
_223
090 0 0 _a567.91
_bPEA
_dR
100 1 _aPearce, Q.L.,
_eauthor
245 1 0 _aTyrannosaurus rex and other dinosaur wonders
264 1 _aEnglewood Cliffs, New Jersey :
_bJulian Messner ,
_c1990
300 _a64 pages :
_billustrations ;
_c25 cm
336 _2rdacontent
_atext
337 _2rdamedia
_aunmediated
338 _2rdacarrier
_avolume
650 1 0 _aDinosaurs
942 _ddc
_cB
999 _c20379
_d20379